Автоматизация производственных процессов в промышленности строительных материалов: учебник для техникумов

Dettagli Bibliografici
Altri autori: Кочетов В. С. (редактор)
Lingua:russo
Pubblicazione: Ленинград, Стройиздат, 1986
Edizione:3-е изд., перераб. и доп.
Soggetti:
Natura: MixedMaterials Libro
KOHA link:https://koha.lib.tpu.ru/cgi-bin/koha/opac-detail.pl?biblionumber=268475

MARC

LEADER 00000nam0a2200000 4500
001 268475
005 20231101234153.0
035 |a (RuTPU)RU\TPU\book\291626 
090 |a 268475 
100 |a 20140903d1986 m y0rusy50 ca 
101 0 |a rus 
102 |a RU 
105 |a a j 001zy 
200 1 |a Автоматизация производственных процессов в промышленности строительных материалов  |e учебник для техникумов  |f под ред. В. С. Кочетова 
205 |a 3-е изд., перераб. и доп. 
210 |a Ленинград  |c Стройиздат  |d 1986 
215 |a 392 с.  |c ил. 
320 |a Библиогр.: с. 391 
606 1 |a Промышленность строительных материалов  |x Экономика  |2 stltpush  |3 (RuTPU)RU\TPU\subj\52349  |9 70834 
610 1 |a учебники 
610 1 |a автоматизация 
610 1 |a производственные процессы 
610 1 |a строительные материалы 
610 1 |a промышленность 
610 1 |a цемент 
610 1 |a шихта 
610 1 |a клинкер 
610 1 |a асбестоцементные изделия 
610 1 |a керамические изделия 
610 1 |a стекло 
610 1 |a экономическая эффективность 
675 |a 691.002:658(075.3)  |v 3 
702 1 |a Кочетов  |b В. С.  |4 340 
801 1 |a RU  |b 63413507  |c 20140903 
801 2 |a RU  |b 63413507  |c 20160520  |g RCR 
942 |c BK